[Event "POHÁR města Říčany 2023"]
[Site "Městské kulturní středisko U labutě"]
[Date "2023.08.29"]
[Round "5.11"]
[White "Andrle, Filip"]
[Black "Rodshtein, Tereza"]
[Result "0-1"]
[WhiteFideId "23718749"]
[BlackFideId "325449"]
[WhiteElo "1848"]
[BlackElo "2203"]
[PlyCount "0"]
[EventDate "2023.08.26"]

1. e4 {[%clk 01:30:59]} {[%emt 00:26:17]} e5 {[%clk 01:29:50]} {[%emt
00:01:14]} 2. Nf3 {[%clk 01:31:17]} {[%emt 00:00:11]} Nc6 {[%clk 01:30:15]}
{[%emt 00:00:05]} 3. Bc4 {[%clk 01:31:09]} {[%emt 00:00:37]} Bc5 {[%clk
01:30:22]} {[%emt 00:00:24]} 4. d3 {[%clk 01:31:02]} {[%emt 00:00:37]} Nf6
{[%clk 01:30:08]} {[%emt 00:00:43]} 5. c3 {[%clk 01:31:11]} {[%emt 00:00:21]}
a6 {[%clk 01:28:19]} {[%emt 00:02:19]} 6. a4 {[%clk 01:29:07]} {[%emt
00:02:34]} Ba7 {[%clk 01:24:57]} {[%emt 00:03:52]} 7. O-O {[%clk 01:26:52]}
{[%emt 00:02:45]} O-O {[%clk 01:20:12]} {[%emt 00:05:16]} 8. Bg5 {[%clk
01:18:47]} {[%emt 00:08:34]} h6 {[%clk 01:20:30]} {[%emt 00:00:13]} 9. Bh4
{[%clk 01:16:42]} {[%emt 00:02:35]} g5 {[%clk 01:17:43]} {[%emt 00:03:17]} 10.
Bg3 {[%clk 01:14:37]} {[%emt 00:02:34]} d6 {[%clk 01:18:02]} {[%emt 00:00:11]}
11. b4 {[%clk 01:11:35]} {[%emt 00:03:32]} Bg4 {[%clk 01:11:38]} {[%emt
00:06:53]} 12. Nbd2 {[%clk 01:09:54]} {[%emt 00:02:12]} Nh5 {[%clk 01:06:47]}
{[%emt 00:05:20]} 13. Qc2 {[%clk 00:53:24]} {[%emt 00:17:01]} Qf6 {[%clk
00:54:42]} {[%emt 00:12:35]} 14. Kh1 {[%clk 00:50:03]} {[%emt 00:03:50]} Kg7
{[%clk 00:52:13]} {[%emt 00:03:00]} 15. b5 {[%clk 00:37:13]} {[%emt 00:13:20]}
axb5 {[%clk 00:52:23]} {[%emt 00:00:20]} 16. axb5 {[%clk 00:37:29]} {[%emt
00:00:14]} Ne7 {[%clk 00:52:38]} {[%emt 00:00:14]} 17. d4 {[%clk 00:37:27]}
{[%emt 00:00:33]} Ng6 {[%clk 00:52:26]} {[%emt 00:00:41]} 18. Ra4 {[%clk
00:30:39]} {[%emt 00:07:19]} Bb6 {[%clk 00:52:27]} {[%emt 00:00:28]} 19. Bd5
{[%clk 00:28:17]} {[%emt 00:02:52]} Rab8 {[%clk 00:45:54]} {[%emt 00:07:03]} 20.
dxe5 {[%clk 00:21:21]} {[%emt 00:07:26]} dxe5 {[%clk 00:45:54]} {[%emt
00:00:30]} 21. c4 {[%clk 00:19:46]} {[%emt 00:02:06]} c6 {[%clk 00:33:23]}
{[%emt 00:13:01]} 22. c5 {[%clk 00:19:18]} {[%emt 00:00:58]} cxd5 {[%clk
00:32:47]} {[%emt 00:01:05]} 23. cxb6 {[%clk 00:18:22]} {[%emt 00:01:27]} d4
{[%clk 00:32:16]} {[%emt 00:01:01]} 24. Qc5 {[%clk 00:09:53]} {[%emt 00:08:58]}
Rfc8 {[%clk 00:27:11]} {[%emt 00:05:35]} 25. Qd5 {[%clk 00:06:56]} {[%emt
00:03:27]} Nhf4 {[%clk 00:25:52]} {[%emt 00:01:48]} 26. Bxf4 {[%clk 00:06:40]}
{[%emt 00:00:47]} Qxf4 {[%clk 00:25:21]} {[%emt 00:01:01]} 27. Ra7 {[%clk
00:03:42]} {[%emt 00:03:28]} Rc3 {[%clk 00:25:11]} {[%emt 00:00:40]} 28. Rxb7
{[%clk 00:00:33]} {[%emt 00:03:39]} Be6 {[%clk 00:20:21]} {[%emt 00:05:20]} 29.
Qxe6 {[%clk 00:00:34]} {[%emt 00:00:29]} Rxb7 {[%clk 00:20:49]} {[%emt
00:00:02]} 30. Qd5 {[%clk 00:00:45]} {[%emt 00:00:19]} Rxb6 {[%clk 00:20:47]}
{[%emt 00:00:32]} 31. Nc4 {[%clk 00:00:57]} {[%emt 00:00:18]} Rf6 {[%clk
00:13:45]} {[%emt 00:07:32]} 32. b6 {[%clk 00:00:33]} {[%emt 00:00:54]} Rxf3
{[%clk 00:13:36]} {[%emt 00:00:39]} 33. b7 {[%clk 00:00:33]} {[%emt 00:00:30]}
Rxf2 {[%clk 00:12:53]} {[%emt 00:01:12]} 34. Rg1 {[%clk 00:00:56]} {[%emt
00:00:07]} Rxg2 {[%clk 00:12:45]} {[%emt 00:00:38]} 35. Rxg2 {[%clk 00:01:10]}
{[%emt 00:00:15]} Qf1+ {[%clk 00:13:07]} {[%emt 00:00:09]} 36. Rg1 {[%clk
00:01:33]} {[%emt 00:00:06]} Qf3+ {[%clk 00:13:34]} {[%emt 00:00:03]} 37. Rg2
{[%clk 00:01:55]} {[%emt 00:00:08]} Nf4 {[%clk 00:13:52]} {[%emt 00:00:12]} 0-1

[Event "POHÁR města Říčany 2023"]
[Site "Městské kulturní středisko U labutě"]
[Date "2023.08.29"]
[Round "5.12"]
[White "Korniichuk, Oleksandra"]
[Black "Rousek, Jan"]
[Result "1-0"]
[WhiteFideId "14155656"]
[BlackFideId "386669"]
[WhiteElo "1869"]
[BlackElo "2028"]
[PlyCount "0"]
[EventDate "2023.08.26"]

1. e4 {[%clk 01:30:56]} {[%emt 00:00:03]} c5 {[%clk 01:30:46]} {[%emt
00:00:14]} 2. Be2 {[%clk 01:31:22]} {[%emt 00:00:04]} Nc6 {[%clk 01:30:25]}
{[%emt 00:00:50]} 3. f4 {[%clk 01:31:43]} {[%emt 00:00:09]} e6 {[%clk
01:30:07]} {[%emt 00:00:47]} 4. Nf3 {[%clk 01:31:45]} {[%emt 00:00:29]} d5
{[%clk 01:29:39]} {[%emt 00:00:57]} 5. d3 {[%clk 01:32:08]} {[%emt 00:00:08]}
Bd6 {[%clk 01:29:27]} {[%emt 00:00:41]} 6. O-O {[%clk 01:30:53]} {[%emt
00:01:46]} Nge7 {[%clk 01:27:42]} {[%emt 00:02:15]} 7. c3 {[%clk 01:30:18]}
{[%emt 00:01:06]} f6 {[%clk 01:25:00]} {[%emt 00:03:11]} 8. Na3 {[%clk
01:26:41]} {[%emt 00:04:08]} O-O {[%clk 01:23:01]} {[%emt 00:02:28]} 9. Nc2
{[%clk 01:25:48]} {[%emt 00:01:25]} b6 {[%clk 01:17:34]} {[%emt 00:05:57]} 10.
g3 {[%clk 01:23:42]} {[%emt 00:02:36]} Bb7 {[%clk 01:05:41]} {[%emt 00:12:22]}
11. Nh4 {[%clk 01:20:54]} {[%emt 00:03:19]} e5 {[%clk 00:56:29]} {[%emt
00:09:41]} 12. f5 {[%clk 01:16:22]} {[%emt 00:05:03]} b5 {[%clk 00:41:28]}
{[%emt 00:15:28]} 13. Bf3 {[%clk 00:57:14]} {[%emt 00:19:40]} Na5 {[%clk
00:35:39]} {[%emt 00:06:18]} 14. b3 {[%clk 00:52:50]} {[%emt 00:04:55]} c4
{[%clk 00:24:27]} {[%emt 00:11:41]} 15. dxc4 {[%clk 00:50:42]} {[%emt
00:02:38]} dxe4 {[%clk 00:17:09]} {[%emt 00:07:47]} 16. Bg2 {[%clk 00:49:12]}
{[%emt 00:02:01]} Bc5+ {[%clk 00:09:18]} {[%emt 00:08:20]} 17. Kh1 {[%clk
00:48:43]} {[%emt 00:01:00]} Qxd1 {[%clk 00:08:45]} {[%emt 00:01:02]} 18. Rxd1
{[%clk 00:49:09]} {[%emt 00:00:04]} Rfd8 {[%clk 00:08:16]} {[%emt 00:00:59]} 19.
Be3 {[%clk 00:48:07]} {[%emt 00:01:33]} Bxe3 {[%clk 00:08:02]} {[%emt
00:00:45]} 20. Nxe3 {[%clk 00:48:23]} {[%emt 00:00:14]} Rd3 {[%clk 00:07:00]}
{[%emt 00:01:29]} 21. Rxd3 {[%clk 00:43:56]} {[%emt 00:05:00]} exd3 {[%clk
00:07:23]} {[%emt 00:00:07]} 22. cxb5 {[%clk 00:40:32]} {[%emt 00:03:55]} Rd8
{[%clk 00:05:30]} {[%emt 00:02:22]} 23. Rd1 {[%clk 00:31:13]} {[%emt 00:09:50]}
d2 {[%clk 00:03:18]} {[%emt 00:02:41]} 24. Bxb7 {[%clk 00:28:12]} {[%emt
00:03:32]} Nxb7 {[%clk 00:03:39]} {[%emt 00:00:08]} 25. Nf1 {[%clk 00:27:00]}
{[%emt 00:01:44]} e4 {[%clk 00:01:16]} {[%emt 00:02:51]} 26. Rxd2 {[%clk
00:27:06]} {[%emt 00:00:25]} Rxd2 {[%clk 00:01:39]} {[%emt 00:00:06]} 27. Nxd2
{[%clk 00:27:35]} {[%emt 00:00:03]} e3 {[%clk 00:01:57]} {[%emt 00:00:11]} 28.
Ndf3 {[%clk 00:27:47]} {[%emt 00:00:20]} Nd5 {[%clk 00:01:13]} {[%emt
00:01:13]} 29. c4 {[%clk 00:27:33]} {[%emt 00:00:45]} Nb4 {[%clk 00:01:24]}
{[%emt 00:00:18]} 30. Ng2 {[%clk 00:27:25]} {[%emt 00:00:38]} Nxa2 {[%clk
00:00:49]} {[%emt 00:01:05]} 31. Nxe3 {[%clk 00:27:40]} {[%emt 00:00:16]} Nc5
{[%clk 00:00:54]} {[%emt 00:00:24]} 32. Nd4 {[%clk 00:27:16]} {[%emt 00:00:55]}
Nb4 {[%clk 00:00:53]} {[%emt 00:00:27]} 33. Nc6 {[%clk 00:27:19]} {[%emt
00:00:32]} Nbd3 {[%clk 00:00:34]} {[%emt 00:00:47]} 34. b4 {[%clk 00:26:30]}
{[%emt 00:01:20]} Nd7 {[%clk 00:00:42]} {[%emt 00:00:21]} 35. c5 {[%clk
00:26:33]} {[%emt 00:00:28]} Kf7 {[%clk 00:00:52]} {[%emt 00:00:19]} 36. Nd5
{[%clk 00:26:47]} {[%emt 00:00:17]} Ke8 {[%clk 00:00:40]} {[%emt 00:00:40]} 37.
Nxa7 {[%clk 00:25:11]} {[%emt 00:02:08]} 1-0

[Event "POHÁR města Říčany 2023"]
[Site "Městské kulturní středisko U labutě"]
[Date "2023.08.29"]
[Round "5.13"]
[White "Rajnys, Vladimir"]
[Black "Voracek, Zdenek"]
[Result "1-0"]
[WhiteElo "2025"]
[BlackElo "1882"]
[WhiteFideId "308200"]
[BlackFideId "331880"]
[PlyCount "0"]
[EventDate "2023.08.26"]

1. e4 Nf6 2. d3 Nc6 3. f4 d6 4. Nf3 g6 5. g3 Bg7 6. Bg2 e5 7. c3 Qe7 8. O-O Bg4
9. Be3 O-O 10. h3 Bd7 11. Nbd2 Nh5 12. Qe1 Bh6 13. Nh4 exf4 14. gxf4 Rae8
15. Rf3 f5 16. Qf2 fxe4 17. Nxe4 Ng7 18. Re1 Nf5 19. Nxf5 Bxf5 20. Bd2 Qd8
21. Ng3 Be6 22. f5 Bxd2 23. Qxd2 Ne5 24. Rxe5 dxe5 25. fxe6 Rxf3 26. Bxf3 c6
27. Qe3 Qb6 28. Qxb6 axb6 29. Kf2 Rxe6 30. Ne4 Re7 31. Ke3 Kf7 32. h4 h6 33. Bg2
Rd7 34. Nf2 h5 35. Ne4 Rd8 36. Bh3 Ke7 37. Nd2 b5 38. Bg2 Rf8 39. Be4 Rf4
40. Nf3 Rg4 41. Nxe5 Kf6 42. Nxg4+ 1-0

[Event "POHÁR města Říčany 2023"]
[Site "Městské kulturní středisko U labutě"]
[Date "2023.08.29"]
[Round "5.14"]
[White "Novotny, David"]
[Black "Maslo, Ondrej"]
[Result "1/2-1/2"]
[WhiteElo "1985"]
[BlackElo "1848"]
[WhiteFideId "374083"]
[BlackFideId "368440"]
[PlyCount "0"]
[EventDate "2023.08.26"]

1. e4 c5 2. Nf3 Nc6 3. d4 cxd4 4. Nxd4 Nf6 5. Nc3 g6 6. Be3 Bg7 7. Bc4 O-O
8. Bb3 a5 9. f3 a4 10. Bxa4 Qb6 11. Qd3 Nxe4 12. Nxc6 Qxb2 13. Nxe7+ Kh8
14. Qxe4 Qxa1+ 15. Nd1 d5 16. Nxd5 Bf5 17. Qh4 Rfd8 18. Bb3 1/2-1/2

[Event "POHÁR města Říčany 2023"]
[Site "Městské kulturní středisko U labutě"]
[Date "2023.08.29"]
[Round "5.15"]
[White "Benes, Jachym"]
[Black "Zemen, Pavel"]
[Result "1-0"]
[WhiteElo "1914"]
[BlackElo "1785"]
[WhiteFideId "23710870"]
[BlackFideId "387410"]
[PlyCount "0"]
[EventDate "2023.08.26"]

1. d4 e6 2. c4 d5 3. Nc3 Nf6 4. Bg5 Be7 5. e3 O-O 6. Nf3 Nbd7 7. cxd5 Nxd5
8. Bxe7 Nxe7 9. Bd3 Nf6 10. O-O Ned5 11. a3 Nxc3 12. bxc3 b6 13. e4 Bb7 14. Qe2
Qe7 15. e5 Nd7 16. Nd2 c5 17. Qh5 g6 18. Qh6 Rfd8 19. Be4 Bd5 20. Bxd5 exd5
21. f4 cxd4 22. cxd4 Rac8 23. Rf3 Qf8 24. Qg5 Rc2 25. f5 h6 26. Qe3 Qg7 27. f6
Qf8 28. e6 fxe6 29. Qd3 Rc7 30. Qxg6+ Kh8 31. Rh3 Nxf6 32. Rf1 Rf7 33. Rxh6+ 1-0

[Event "POHÁR města Říčany 2023"]
[Site "Městské kulturní středisko U labutě"]
[Date "2023.08.29"]
[Round "5.17"]
[White "Sedlak, Milan"]
[Black "Pecka, Jan"]
[Result "1/2-1/2"]
[WhiteElo "1785"]
[BlackElo "2004"]
[WhiteFideId "23746149"]
[BlackFideId "23712520"]
[PlyCount "0"]
[EventDate "2023.08.26"]

1. Nf3 Nc6 2. c4 e5 3. Nc3 Bb4 4. g3 d6 5. Bg2 f5 6. O-O Nf6 7. d4 Bxc3 8. bxc3
O-O 9. e3 Qe8 10. a4 e4 11. Nd2 Na5 12. Ba3 Qf7 13. Qe2 b6 14. Bb4 Nb7 15. c5
dxc5 16. dxc5 Rd8 17. f3 a5 18. Ba3 Nxc5 19. Bxc5 Ba6 20. c4 bxc5 21. fxe4 fxe4
22. Rf4 Qxc4 23. Qe1 Rab8 24. Nxe4 Nxe4 25. Bxe4 Qe6 26. Rb1 Bc4 27. Bxh7+ Kxh7
28. Rxc4 g6 29. Rbc1 Rd5 30. e4 Rd4 31. Rxc5 Qxe4 32. Rxc7+ Kh6 33. Qxe4 1/2-1/2

[Event "POHÁR města Říčany 2023"]
[Site "Městské kulturní středisko U labutě"]
[Date "2023.08.29"]
[Round "5.18"]
[White "Madle, Robin"]
[Black "Petrun, Milan"]
[Result "1-0"]
[WhiteElo "1899"]
[BlackElo "1784"]
[WhiteFideId "393886"]
[BlackFideId "332267"]
[PlyCount "0"]
[EventDate "2023.08.26"]

1. b3 Nf6 2. Bb2 d5 3. e3 e6 4. f4 c5 5. Nf3 Nc6 6. Bb5 Bd7 7. O-O Qb6 8. Bxc6
Bxc6 9. d3 Nd7 10. Nbd2 f6 11. a4 Qc7 12. Qe1 b6 13. Qg3 Bb7 14. Rac1 O-O-O
15. c4 Bd6 16. Qf2 g5 17. fxg5 Rhf8 18. cxd5 exd5 19. gxf6 Nxf6 20. Qh4 Qe7
21. e4 Nxe4 22. Qh3+ Kb8 23. dxe4 dxe4 24. Nh4 Bc8 25. Nf5 Rxf5 26. Rxf5 e3
27. Nf3 Qe4 28. Re5 Bxe5 29. Bxe5+ Ka8 30. Qg3 Bb7 31. Re1 a6 32. Qg5 Rb8
33. Qxe3 Qc2 34. Bg3 a5 35. Qe7 Rc8 36. Qe6 Ka7 37. Qc4 Qb2 38. Be5 Qa3 39. Bc3
Qa2 40. Be5 Qa3 41. Ra1 Qb4 42. Qxb4 axb4 43. Nd2 Re8 44. Nc4 Bd5 45. Re1 Bxc4
46. bxc4 Ka6 47. g4 Ka5 48. Kf2 Kxa4 49. h4 Kb3 50. Re4 Kc2 51. g5 Kd3 52. Kf3
b3 53. h5 b2 54. Re3+ Kd2 55. Bc3+ Kc2 56. Bxb2 1-0

[Event "POHÁR města Říčany 2023"]
[Site "Městské kulturní středisko U labutě"]
[Date "2023.08.29"]
[Round "5.19"]
[White "Topencik, Bruno"]
[Black "Sadil, Antonin"]
[Result "1/2-1/2"]
[WhiteElo "1897"]
[BlackElo "1774"]
[WhiteFideId "23716550"]
[BlackFideId "23735597"]
[PlyCount "0"]
[EventDate "2023.08.26"]

1. d4 c6 2. c4 d5 3. Nc3 e6 4. e4 dxe4 5. Nxe4 Nd7 6. Nf3 Ngf6 7. Nc3 Be7
8. Bd3 O-O 9. O-O b6 10. Bf4 Bb7 11. Qb3 Qc8 12. Rad1 Bd8 13. Bb1 h6 14. Qc2 Re8
15. Ne5 Bc7 16. Nxd7 Qxd7 17. Be5 Qe7 18. Ne4 Nxe4 19. Qxe4 g6 20. Qf4 Bxe5
21. dxe5 Kg7 22. h4 h5 23. Rd6 Rec8 24. Rfd1 Rc7 25. Be4 c5 26. Bxb7 Rxb7 27. g3
Rc7 28. b3 Rb8 29. R1d3 Kh7 30. Qd2 Rbc8 31. Rd7 Qe8 32. Kf1 Kg7 33. Ke2 Kh7
34. Kd1 Kg7 35. Kc2 Kh7 36. Kb2 Kg7 37. Rd8 Rxd8 38. Rxd8 Qe7 39. Qg5 f6
40. Qxf6+ Qxf6 41. exf6+ Kxf6 42. Kc3 Rf7 43. Rd3 Ke7 44. f3 Rf5 45. Kd2 g5
46. Ke3 gxh4 47. gxh4 Re5+ 48. Kf2 Rf5 1/2-1/2

[Event "POHÁR města Říčany 2023"]
[Site "Městské kulturní středisko U labutě"]
[Date "2023.08.29"]
[Round "5.20"]
[White "Langmaier, Michal"]
[Black "Skala, Jaromir"]
[Result "1/2-1/2"]
[WhiteElo "1662"]
[BlackElo "1895"]
[WhiteFideId "23727705"]
[BlackFideId "325805"]
[PlyCount "0"]
[EventDate "2023.08.26"]

1. d4 d6 2. c4 e5 3. dxe5 dxe5 4. Qxd8+ Kxd8 5. Nc3 c6 6. Bg5+ f6 7. O-O-O+ Kc7
8. Bd2 Be6 9. e4 Bc5 10. f3 Nd7 11. Na4 Be7 12. Be3 Nb6 13. Nxb6 axb6 14. a3 Ra4
15. Ne2 Rxc4+ 16. Nc3 Rc5 17. Bxc5 Bxc5 18. Kc2 Ne7 19. Be2 b5 20. b4 Bd4 21. f4
Ra8 22. Nb1 Nc8 23. Rxd4 exd4 24. Rd1 Nd6 25. Rxd4 Nc4 26. Bxc4 bxc4 27. Kb2
1/2-1/2

[Event "POHÁR města Říčany 2023"]
[Site "Městské kulturní středisko U labutě"]
[Date "2023.08.29"]
[Round "5.22"]
[White "Stork, Rostislav"]
[Black "Siles, Jan"]
[Result "0-1"]
[WhiteElo "1723"]
[BlackElo "1869"]
[WhiteFideId "354988"]
[BlackFideId "23715405"]
[PlyCount "0"]
[EventDate "2023.08.26"]

1. d4 d5 2. c4 e6 3. Nc3 Nf6 4. Bg5 Be7 5. cxd5 exd5 6. e3 O-O 7. Nf3 c6 8. Qc2
h6 9. Bh4 Re8 10. Bd3 Ne4 11. Bxe7 Qxe7 12. O-O Bf5 13. Nd2 Qg5 14. Ndxe4 dxe4
15. Nxe4 Bxe4 16. Bxe4 Nd7 17. Bf3 Nf6 18. Qb3 Re7 19. a4 Rd8 20. Rfc1 Nd7
21. Rc3 Kh8 22. a5 a6 23. Qc2 Re6 24. b4 Rf6 25. Qe2 h5 26. Bxh5 Rh6 27. Bf3 Qh4
28. h3 f5 29. d5 Ne5 30. dxc6 bxc6 31. e4 f4 32. Qxa6 Rd2 33. Qb6 Nd7 34. Qa7
Qf6 35. Rac1 c5 36. bxc5 Qd4 37. Qa8+ Kh7 38. e5 Qxf2+ 39. Kh1 Rxh3+ 0-1

[Event "POHÁR města Říčany 2023"]
[Site "Městské kulturní středisko U labutě"]
[Date "2023.08.29"]
[Round "5.23"]
[White "Pisar, Tomas"]
[Black "Koper, Stefan"]
[Result "1-0"]
[WhiteElo "1861"]
[BlackElo "1720"]
[WhiteFideId "23701501"]
[BlackFideId "306606"]
[PlyCount "0"]
[EventDate "2023.08.26"]

1. d4 Nf6 2. Nf3 g6 3. g3 Bg7 4. Bg2 d5 5. O-O O-O 6. c4 c6 7. b3 Ne4 8. Bb2 a5
9. Nc3 Nxc3 10. Bxc3 Bf5 11. Qd2 Be4 12. Rfd1 e6 13. Ne1 Bxg2 14. Kxg2 b5
15. cxb5 cxb5 16. a4 b4 17. Bb2 h5 18. Rac1 Nd7 19. Nd3 Kh7 20. Nc5 Bh6 21. Qd3
Nf6 22. Rc2 h4 23. Bc1 Bxc1 24. Rdxc1 hxg3 25. hxg3 Nh5 26. Qe3 Rh8 27. Nxe6 Qf6
28. Kg1 Kg8 29. Rc8+ Rxc8 30. Rxc8+ Kh7 31. Rc7 1-0

[Event "POHÁR města Říčany 2023"]
[Site "Městské kulturní středisko U labutě"]
[Date "2023.08.29"]
[Round "5.24"]
[White "Svetly, Jiri"]
[Black "Verner, Matej"]
[Result "0-1"]
[WhiteElo "1850"]
[BlackElo "1698"]
[WhiteFideId "316032"]
[BlackFideId "23729236"]
[PlyCount "0"]
[EventDate "2023.08.26"]

1. d4 d5 2. c4 e6 3. Nc3 c5 4. e3 Nf6 5. Nf3 a6 6. cxd5 exd5 7. Bd3 Nc6 8. h3
c4 9. Bc2 Bb4 10. O-O O-O 11. Bd2 Bxc3 12. Bxc3 b5 13. Ne5 Ne7 14. g4 Nd7 15. f4
Nxe5 16. dxe5 Nc6 17. a3 Bb7 18. Bd4 Qh4 19. Qf3 a5 20. Rac1 b4 21. Kh2 Nxd4
22. exd4 Rac8 23. Bf5 Rc6 24. g5 h6 25. Rg1 Bc8 26. Bxc8 Rfxc8 27. Rg4 Qh5
28. axb4 axb4 29. Rc2 c3 30. b3 hxg5 31. fxg5 Qg6 32. Rgg2 Qe4 33. Qxe4 dxe4
34. Rg4 Ra6 35. Rxe4 Ra3 36. g6 Rxb3 37. gxf7+ Kxf7 38. Rg2 Rb1 39. d5 b3
40. Rf2+ Ke7 41. Ree2 c2 0-1

[Event "POHÁR města Říčany 2023"]
[Site "Městské kulturní středisko U labutě"]
[Date "2023.08.29"]
[Round "5.25"]
[White "Konvalinka, Vladislav"]
[Black "Blazek, Miroslav"]
[Result "1-0"]
[WhiteElo "1705"]
[BlackElo "1849"]
[WhiteFideId "342955"]
[BlackFideId "335215"]
[PlyCount "0"]
[EventDate "2023.08.26"]

1. d4 e6 2. c4 d5 3. Nf3 Nf6 4. g3 Be7 5. Bg2 O-O 6. O-O c6 7. Qc2 b6 8. Nbd2
Bb7 9. e4 dxe4 10. Nxe4 Nbd7 11. Rd1 Qc8 12. Bf4 Nxe4 13. Qxe4 c5 14. Qe2 cxd4
15. Rxd4 Bc5 16. Rd2 Nf6 17. Bd6 Ne4 18. Bxc5 Qxc5 19. Rd4 Nf6 20. Rad1 Bxf3
21. Bxf3 Rab8 22. b3 a5 23. Rd6 Nd5 24. Qe5 Nb4 25. Qxc5 bxc5 26. R1d2 a4
27. bxa4 1-0

[Event "POHÁR města Říčany 2023"]
[Site "Městské kulturní středisko U labutě"]
[Date "2023.08.29"]
[Round "5.26"]
[White "Vavrinec, Tomas"]
[Black "Cermak, Filip"]
[Result "1-0"]
[WhiteElo "1847"]
[BlackElo "1403"]
[WhiteFideId "318353"]
[BlackFideId "23739096"]
[PlyCount "0"]
[EventDate "2023.08.26"]

1. Nf3 f5 2. c4 Nf6 3. Nc3 g6 4. g3 Bg7 5. Bg2 O-O 6. O-O d6 7. d3 e5 8. Rb1 c6
9. b4 Nbd7 10. Bb2 Qe8 11. a4 d5 12. cxd5 Nxd5 13. Qb3 Qf7 14. Ng5 Qe7 15. Nxd5
cxd5 16. Bxd5+ Kh8 17. Ne6 Rf6 18. f4 Rxe6 19. Bxe6 Nc5 20. bxc5 Bxe6 21. Qc3
Rc8 22. Rbc1 Bd5 23. fxe5 b6 24. Qd4 Rd8 25. Qh4 Qxh4 26. gxh4 Bh6 27. Kf2 Bxc1
28. Rxc1 Rc8 29. cxb6 Rxc1 30. Bxc1 axb6 31. Be3 Bb3 32. Bxb6 Bxa4 33. Ke3 Kg7
34. Kd4 Kf7 35. Kd5 Bb3+ 36. Kd6 h6 37. Bd8 Ke8 38. Bf6 Bd1 39. e3 Bb3 40. h5 g5
41. Bg7 f4 42. exf4 gxf4 43. Bxh6 1-0

[Event "POHÁR města Říčany 2023"]
[Site "Městské kulturní středisko U labutě"]
[Date "2023.08.29"]
[Round "5.27"]
[White "Kubicek, Daniel"]
[Black "Strnadova, Monika"]
[Result "1-0"]
[WhiteElo "1561"]
[BlackElo "1833"]
[WhiteFideId "23718838"]
[BlackFideId "23701668"]
[PlyCount "0"]
[EventDate "2023.08.26"]

1. e4 c5 2. d4 cxd4 3. c3 dxc3 4. Nxc3 Nc6 5. Bc4 g6 6. Nf3 Bg7 7. O-O d6
8. Qb3 Na5 9. Bb5+ Bd7 10. Qa4 Nc6 11. Bf4 a6 12. Bd3 Nf6 13. Qb3 O-O 14. Qxb7
Rb8 15. Qxa6 Nb4 16. Qc4 Be6 17. Qd4 Nh5 18. Qe3 Nxd3 19. Qxd3 Nxf4 20. Qd2 Nh5
21. a4 Qb6 22. Nb5 Bc4 23. Rfc1 Bxb5 24. axb5 Qxb5 25. Rab1 Rfc8 26. Nd4 Rxc1+
27. Rxc1 Bxd4 28. Qxd4 Nf4 1-0

[Event "POHÁR města Říčany 2023"]
[Site "Městské kulturní středisko U labutě"]
[Date "2023.08.29"]
[Round "5.28"]
[White "Rossler, Erik"]
[Black "Jirousek, Tadeas"]
[Result "1-0"]
[WhiteElo "1394"]
[BlackElo "1791"]
[WhiteFideId "23719761"]
[BlackFideId "382353"]
[PlyCount "0"]
[EventDate "2023.08.26"]

1. e4 c5 2. Nf3 e6 3. d4 cxd4 4. Nxd4 Nc6 5. Nc3 Nf6 6. Ndb5 d6 7. Bf4 e5
8. Bg5 a6 9. Na3 Be7 10. Nc4 b5 11. Bxf6 gxf6 12. Ne3 Nd4 13. Ncd5 Bb7 14. c3
Ne6 15. Nxe7 Qxe7 16. Nf5 Qc7 17. Qxd6 Rc8 18. O-O-O Bxe4 19. Qxc7 Rxc7 20. Nd6+
1-0

[Event "POHÁR města Říčany 2023"]
[Site "Městské kulturní středisko U labutě"]
[Date "2023.08.29"]
[Round "5.29"]
[White "Cabela, Filip"]
[Black "Pavlicek, Petr"]
[Result "0-1"]
[WhiteElo "1631"]
[BlackElo "1688"]
[WhiteFideId "23753552"]
[BlackFideId "325163"]
[PlyCount "0"]
[EventDate "2023.08.26"]

1. e4 e5 2. Nf3 Nc6 3. Bc4 Bc5 4. O-O Nf6 5. d4 Bxd4 6. Nxd4 Nxd4 7. Bg5 h6
8. Bh4 g5 9. f4 d5 10. exd5 Nxd5 11. fxg5 hxg5 12. Bxd5 Qxd5 13. Bxg5 Qc5
14. Rf2 Be6 15. c3 Nc6 16. Nd2 f5 17. Qe2 a5 18. a4 Kd7 19. Rd1 Kc8 20. Nf3 Bb3
21. Rf1 Bc4 22. Qc2 Bxf1 23. Qxf5+ Kb8 24. Kxf1 Qc4+ 25. Kg1 Re8 26. Be3 b6
27. Qc2 e4 28. Nd4 Nxd4 29. Bxd4 Kb7 30. b3 Qd5 31. Rd2 Rad8 32. Qd1 Qg5 33. Qe1
Qf5 34. b4 axb4 35. cxb4 Ra8 36. Ra2 Qd5 37. Qh4 Red8 38. Bc3 Qd1+ 39. Qe1 Qxe1+
40. Bxe1 Rd1 41. Re2 Re8 42. Re3 Rd3 43. Kf2 Re5 44. g4 c5 45. bxc5 bxc5 46. a5
c4 47. h4 0-1

[Event "POHÁR města Říčany 2023"]
[Site "Městské kulturní středisko U labutě"]
[Date "2023.08.29"]
[Round "5.30"]
[White "Steiner, Juraj"]
[Black "Hosova, Sandra"]
[Result "0-1"]
[WhiteElo "1772"]
[BlackElo "1898"]
[WhiteFideId "367516"]
[BlackFideId "397717"]
[PlyCount "0"]
[EventDate "2023.08.26"]

1. d4 Nf6 2. c4 e5 3. dxe5 Ng4 4. e3 Nxe5 5. Nh3 Nbc6 6. Nf4 g6 7. Nc3 Bg7
8. Be2 d6 9. O-O O-O 10. Nfd5 Be6 11. Qc2 Ne7 12. e4 N7c6 13. Be3 f5 14. Nf4 Bd7
15. c5 dxc5 16. Bxc5 Rf7 17. Rad1 Qh4 18. g3 Qh6 19. h4 g5 20. hxg5 Qxg5 21. Nh5
f4 22. Qd2 b6 23. Ba3 Bh6 24. Nxf4 Qg7 25. Ncd5 Bh3 26. Qc3 Bxf4 27. Nxf4 Rxf4
28. Bc4+ Kh8 29. Kh2 Bxf1 30. Bxf1 Rxf2+ 31. Kg1 Rf3 0-1